LEADER 01180nam0-2200373---450 001 990002744290203316 005 20220601121005.0 010 $a2-8032-0028-7 035 $a000274429 035 $aUSA01000274429 035 $a(ALEPH)000274429USA01 035 $a000274429 100 $a20060526d1998----km-y0itaa50------ba 101 0 $afre 102 $aBE 200 1 $a<> parisienne à Bruxelles$fCaroline Gravière$gpréface par Marianne Michaux 210 $a[Bruxelles]$cAcadémie royale de langue et de littérature françaises$d1998 215 $a120 p.$d18 cm 225 2 $aHistoire littéraire 410 1$12001$aHistoire littéraire 676 $a840.8099493 700 1$aGRAVIÈRE,$bCaroline$0593264 702 1$aMICHAUX,$bMarianne 801 0$aIT$bsalbc$gISBD 912 $a990002744290203316 951 $aXV.4. Coll. 7/3$b185584 L.M.$cXV.4. Coll. 959 $aBK 969 $aFF 979 $aMARIASEN$b90$c20060526$lUSA01$h1126 979 $aMARIASEN$b90$c20060526$lUSA01$h1127 979 $aMARIASEN$b90$c20060526$lUSA01$h1139 979 $aSENATORE$b90$c20060703$lUSA01$h1108 996 $aParisienne à Bruxelles$9997085 997 $aUNISA